000 00452pab a2200169 454500
008 180718b2006 xxu||||| |||| 00| 0 eng d
100 _aWetzel, Christopher
245 _aIntratribal contention concerning Indian gaming: implications for syncretic tribalism
260 _c2006
300 _ap.283-95.
362 _aNov
650 _aTribes - India
650 _aTribes
773 _aAmerican Behavioral Scientist
908 _aN
909 _a72364
999 _c72364
_d72364